Waste not want not (Record no. 74715)

MARC details
000 -LEADER
fixed length control field 01772cab a2200277 4500
001 - CONTROL NUMBER
control field ABS68627
008 - FIXED-LENGTH DATA ELEMENTS--GENERAL INFORMATION
fixed length control field 050113n2004 000 0 eng u
035 ## - SYSTEM CONTROL NUMBER
System control number (Sirsi) u128518
100 ## - MAIN ENTRY--PERSONAL NAME
Personal name Marrs, C.
245 ## - TITLE STATEMENT
Title Waste not want not
260 ## - PUBLICATION, DISTRIBUTION, ETC.
Date of publication, distribution, etc. 2004
490 ## - SERIES STATEMENT
Series statement Axis
Volume/sequential designation 58(5) November/December 2004, 14(1)
520 ## - SUMMARY, ETC.
Summary, etc. Considers the implications of the "Walle" ruling ([2004] EUECJ C-1/03) by the European Court of Justice in September 2004 for the future of brownfield regeneration. The judgment stated that unintentionally spilled hydrocarbons causing soil and groundwater contamination are waste as is soil contaminated by hydrocarbons, even if it has not been excavated. If unexcavated contaminated soil is defined as waste, landowners sitting on contaminated land will be committing an offence if they do not hold a waste management licence. Doubts have also been cast on who is responsible for enforcing the clean up of contaminated land. Although not all experts are convinced that the ruling is a major setback to brownfield redevelopment, most agree that there is a clear need for clarification of waste regulation responsibilities. The "Walle" ruling is available at www.curia.eu.int/.
590 ## - LOCAL NOTE (RLIN)
Local note ABS
650 ## - SUBJECT ADDED ENTRY--TOPICAL TERM
Topical term or geographic name entry element BROWNFIELD LAND
650 ## - SUBJECT ADDED ENTRY--TOPICAL TERM
Topical term or geographic name entry element Contamination
9 (RLIN) 6231
650 ## - SUBJECT ADDED ENTRY--TOPICAL TERM
Topical term or geographic name entry element HYDROCARBONS
650 ## - SUBJECT ADDED ENTRY--TOPICAL TERM
Topical term or geographic name entry element SOIL CONTAMINATION
650 ## - SUBJECT ADDED ENTRY--TOPICAL TERM
Topical term or geographic name entry element WASTE REGULATIONS
650 ## - SUBJECT ADDED ENTRY--TOPICAL TERM
Topical term or geographic name entry element REGENERATION
650 ## - SUBJECT ADDED ENTRY--TOPICAL TERM
Topical term or geographic name entry element GROUNDWATER CONTAMINATION
650 ## - SUBJECT ADDED ENTRY--TOPICAL TERM
Topical term or geographic name entry element WALLE CASE
690 ## - LOCAL SUBJECT ADDED ENTRY--TOPICAL TERM (OCLC, RLIN)
Topical term or geographic name as entry element ENVIRONMENT-CONTAMINATION
856 ## - ELECTRONIC LOCATION AND ACCESS
Uniform Resource Identifier <a href="https://curia.eu.int/jurisp/cgi-bin/form.pl?lang=en&Submit=Submit&docrequire=alldocs&numaff=&datefs=&datefe=&nomusuel=Van+de+Walle&domaine=&mots=&resmax=100">https://curia.eu.int/jurisp/cgi-bin/form.pl?lang=en&Submit=Submit&docrequire=alldocs&numaff=&datefs=&datefe=&nomusuel=Van+de+Walle&domaine=&mots=&resmax=100</a>
Public note View the ruling on the European Court of Justice website...
942 ## - ADDED ENTRY ELEMENTS (KOHA)
Suppress in OPAC 0
Holdings
Withdrawn status Lost status Source of classification or shelving scheme Damaged status Not for loan Home library Current library Shelving location Date acquired Total Checkouts Full call number Barcode Date last seen Copy number Price effective from Koha item type
    Dewey Decimal Classification     London London Journal article 13/01/2005   ABS68627 128518-1001 06/08/2019 1 06/08/2019 Journal article